| 000 | 00969nma a22002177a 4500 | ||
|---|---|---|---|
| 005 | 20210325203902.0 | ||
| 006 | g q || | ||
| 008 | s2552 th tha d | ||
| 041 | _atha | ||
| 050 | _aCD1530 | ||
| 245 | 1 | 0 | _aพจนานุกรมอิเล็กทรอนิกส์ ฉบับราชบัณฑิตยสถาน พ.ศ. 2552 [CD-ROM] |
| 260 | 3 |
_aกรุงเทพฯ : _bราชบัณฑิตยสถาน (สนามเสือป่า), _c2552 |
|
| 300 |
_a1 แผ่น : _b sd., col. |
||
| 610 | _aราชบัณฑิตยสถาน | ||
| 650 | 0 | 4 | _aพจนานุกรม |
| 650 | 0 | 4 | _aอิเล็กทรอนิกส์ -- พจนานุกรม |
| 850 | _aNALT | ||
| 942 | _cCD | ||
| 997 | _c000000000059414 | ||
| 998 | _aนายนายสมเกียรติ หะรังศรี | ||
| 999 |
_c59414 _d59414 |
||